00624nam a2200181 a 450000100060000000300090000600800410001504000280005608200180008410000260010211000270012824500650015526000420022030000110026265000510027365000620032465000560038620213CO-ViMGA141112s2004 ck r 000 u spa d aCO-ViMGAbspacCO-ViMGA04a333.0986 C6571 aGonzalez Posso, Dario aINDEPAZ - MISION RURAL10aConversaciones de paz : bOpciones para el desarrollo social aBogotá : bAgenda ciudadana, c1999 a239 p.14aAGRICULTURA - COLOMBIA - ENSAYOS, CONFERENCIAS14aDESARROLLO RURAL - PAZ - COLOMBIA - ENSAYOS, CONFERENCIAS14aPAZ - REFORMA AGRARIA - DESARROLLO SOCIAL - EQUIDAD